[Event "ipca2019"]
[Site "?"]
[Date "2019.07.04"]
[Round "7.11"]
[White "Wielecki, Zygmunt"]
[Black "Gerasimova, Svetlana"]
[Result "1/2-1/2"]
[BlackElo "1913"]
[WhiteElo "2145"]
[LiveChessVersion "1.4.8"]

1. e4 {[%clk 1:30:53]} e5 {[%clk 1:30:57]} 2. Nf3 {[%clk 1:31:06]} Nc6
{[%clk 1:31:24]} 3. Bb5 {[%clk 1:31:25]} d6 {[%clk 1:31:47]} 4. d4
{[%clk 1:31:43]} a6 {[%clk 1:32:10]} 5. Ba4 {[%clk 1:31:11]} b5 {[%clk 1:32:25]}
6. Bb3 {[%clk 1:31:34]} Be7 {[%clk 1:28:47]} 7. c3 {[%clk 1:31:05]} Nf6
{[%clk 1:28:35]} 8. O-O {[%clk 1:29:50]} O-O {[%clk 1:29:02]} 9. a4
{[%clk 1:26:32]} Bg4 {[%clk 1:28:29]} 10. Be3 {[%clk 1:25:45]} Na5
{[%clk 1:24:06]} 11. Bc2 {[%clk 1:26:02]} Nc4 {[%clk 1:23:59]} 12. Bc1
{[%clk 1:26:25]} c5 {[%clk 1:23:44]} 13. b3 {[%clk 1:23:24]} Nb6 {[%clk 1:22:22]}
14. dxe5 {[%clk 1:20:49]} Bxf3 {[%clk 1:22:38]} 15. Qxf3 {[%clk 1:21:06]} dxe5
{[%clk 1:23:06]} 16. Qe2 {[%clk 1:14:38]} c4 {[%clk 1:22:16]} 17. a5
{[%clk 1:12:54]} cxb3 {[%clk 1:22:07]} 18. Bxb3 {[%clk 1:13:18]} Nbd7
{[%clk 1:22:18]} 19. c4 {[%clk 1:11:41]} Nc5 {[%clk 1:21:55]} 20. Rd1
{[%clk 1:07:33]} Qc7 {[%clk 1:21:58]} 21. Bc2 {[%clk 1:07:32]} b4
{[%clk 1:21:15]} 22. Nd2 {[%clk 1:07:08]} Rfd8 {[%clk 1:20:26]} 23. Re1
{[%clk 1:01:13]} 1/2-1/2

[Event "ipca2019"]
[Site "?"]
[Date "2019.07.04"]
[Round "7.16"]
[White "Zicho, Anton"]
[Black "Pilimon, Zbigniew"]
[Result "1-0"]
[BlackElo "1670"]
[WhiteElo "1662"]
[LiveChessVersion "1.4.8"]

1. e4 {[%clk 1:30:54]} c5 {[%clk 1:20:19]} 2. Nf3 {[%clk 1:30:37]} d6
{[%clk 1:20:38]} 3. c3 {[%clk 1:30:48]} Nf6 {[%clk 1:20:38]} 4. e5
{[%clk 1:28:39]} dxe5 {[%clk 1:20:37]} 5. Nxe5 {[%clk 1:28:35]} e6
{[%clk 1:20:51]} 6. Bb5+ {[%clk 1:22:18]} Bd7 {[%clk 1:18:38]} 7. Nxd7
{[%clk 1:14:13]} Nbxd7 {[%clk 1:18:53]} 8. O-O {[%clk 1:11:43]} Be7
{[%clk 1:19:06]} 9. d4 {[%clk 1:11:15]} cxd4 {[%clk 1:18:44]} 10. Qxd4
{[%clk 1:10:25]} O-O {[%clk 1:18:32]} 11. Be3 {[%clk 1:02:49]} Qc7
{[%clk 1:14:52]} 12. Nd2 {[%clk 0:59:19]} Rfd8 {[%clk 1:06:52]} 13. Rfd1
{[%clk 0:51:58]} Ne5 {[%clk 1:02:37]} 14. Qf4 {[%clk 0:45:52]} Bd6
{[%clk 1:02:33]} 15. Ne4 {[%clk 0:41:01]} Nxe4 {[%clk 0:48:49]} 16. Qxe4
{[%clk 0:39:57]} Ng6 {[%clk 0:39:26]} 17. g3 {[%clk 0:37:03]} h6 {[%clk 0:38:50]}
18. Ba4 {[%clk 0:30:38]} Rac8 {[%clk 0:35:33]} 19. Bb3 {[%clk 0:30:28]} b5
{[%clk 0:33:58]} 20. Bxe6 {[%clk 0:30:12]} fxe6 {[%clk 0:29:28]} 21. Qxg6
{[%clk 0:29:30]} Bc5 {[%clk 0:23:01]} 22. Qxe6+ {[%clk 0:24:02]} Kh8
{[%clk 0:22:55]} 23. Bf4 {[%clk 0:24:24]} Re8 {[%clk 0:22:04]} 24. Qxe8+
{[%clk 0:24:13]} Ra8 25. Qe5 1-0

[Event "ipca2019"]
[Site "?"]
[Date "2019.07.04"]
[Round "7.21"]
[White "Engel, Katalin"]
[Black "Korber, Antonin"]
[Result "1/2-1/2"]
[BlackElo "1759"]
[WhiteElo "1537"]
[LiveChessVersion "1.4.8"]

1. d4 {[%clk 1:30:59]} e6 {[%clk 1:30:50]} 2. c4 {[%clk 1:31:20]} c5
{[%clk 1:31:04]} 3. Nc3 {[%clk 1:31:30]} cxd4 {[%clk 1:31:05]} 4. Qxd4
{[%clk 1:31:39]} Nc6 {[%clk 1:31:15]} 5. Qd1 {[%clk 1:31:41]} Bb4
{[%clk 1:29:47]} 6. Nf3 {[%clk 1:31:40]} Nge7 {[%clk 1:29:04]} 7. Bf4
{[%clk 1:28:36]} O-O {[%clk 1:27:54]} 8. e3 {[%clk 1:28:52]} Bxc3+
{[%clk 1:23:27]} 9. bxc3 {[%clk 1:29:05]} d5 {[%clk 1:23:28]} 10. c5
{[%clk 1:27:41]} Qa5 {[%clk 1:22:39]} 11. Qc2 {[%clk 1:24:47]} Qxc5
{[%clk 1:14:21]} 12. Bd3 {[%clk 1:24:56]} h6 {[%clk 1:12:34]} 13. O-O Bd7 1/2-1/2

[Event "ipca2019"]
[Site "?"]
[Date "2019.07.04"]
[Round "7.22"]
[White "Kostova, Erika"]
[Black "Wollner, Bohus"]
[Result "1/2-1/2"]
[BlackElo "1222"]
[WhiteElo "1210"]
[LiveChessVersion "1.4.8"]

1. d4 {[%clk 1:30:36]} d5 {[%clk 1:30:32]} 2. e3 {[%clk 1:30:52]} Nf6
{[%clk 1:30:37]} 3. Nf3 {[%clk 1:31:06]} Bg4 {[%clk 1:30:39]} 4. Nc3
{[%clk 1:30:55]} e6 {[%clk 1:30:45]} 5. Be2 {[%clk 1:31:09]} Bb4 {[%clk 1:28:07]}
6. Bd2 {[%clk 1:30:38]} O-O {[%clk 1:28:05]} 7. Ng1 {[%clk 1:30:52]} Bxe2
{[%clk 1:27:56]} 8. Ngxe2 {[%clk 1:31:05]} Bxc3 {[%clk 1:27:05]} 9. Nxc3
{[%clk 1:31:10]} Nc6 {[%clk 1:23:17]} 10. O-O {[%clk 1:31:01]} Re8
{[%clk 1:18:20]} 11. Re1 {[%clk 1:31:07]} a6 {[%clk 1:17:49]} 12. Ne2
{[%clk 1:30:19]} Ne4 {[%clk 1:14:00]} 13. Nf4 {[%clk 1:29:07]} Qf6
{[%clk 1:01:33]} 14. Nd3 {[%clk 1:24:33]} b6 {[%clk 0:57:49]} 15. f3
{[%clk 1:24:37]} Nxd2 {[%clk 0:56:35]} 16. Qxd2 {[%clk 1:24:46]} Rad8
{[%clk 0:56:39]} 17. c3 {[%clk 1:24:52]} Na5 {[%clk 0:56:23]} 18. b3
{[%clk 1:25:02]} Nb7 {[%clk 0:51:42]} 19. Ne5 {[%clk 1:25:01]} c5
{[%clk 0:50:17]} 20. Qd3 {[%clk 1:24:23]} b5 {[%clk 0:50:12]} 21. Qf1
{[%clk 1:23:31]} c4 {[%clk 0:50:17]} 22. b4 {[%clk 1:23:29]} Ra8 {[%clk 0:48:33]}
23. f4 {[%clk 1:16:59]} Nd6 {[%clk 0:47:24]} 24. Ng4 {[%clk 1:16:10]} Qd8
{[%clk 0:44:04]} 25. Nf2 {[%clk 1:15:03]} Ne4 {[%clk 0:43:54]} 26. Nxe4
{[%clk 1:12:58]} dxe4 {[%clk 0:43:58]} 27. Qe2 {[%clk 1:10:27]} f5
{[%clk 0:40:10]} 28. Red1 {[%clk 1:09:09]} Qe7 {[%clk 0:39:13]} 29. Qd2
{[%clk 1:08:10]} Red8 {[%clk 0:36:26]} 30. Qf2 {[%clk 1:05:20]} Rd5
{[%clk 0:32:14]} 31. Rd2 {[%clk 1:04:40]} g6 {[%clk 0:29:09]} 32. g3
{[%clk 1:04:00]} Kh8 {[%clk 0:28:15]} 33. h3 {[%clk 1:04:07]} a5 {[%clk 0:26:49]}
34. Rb2 {[%clk 1:03:09]} a4 {[%clk 0:27:09]} 35. Qh2 {[%clk 1:03:07]} Rg8
{[%clk 0:27:17]} 36. a3 {[%clk 1:03:16]} Rg7 {[%clk 0:27:36]} 37. h4
{[%clk 1:03:26]} h5 {[%clk 0:27:46]} 38. Qh3 {[%clk 1:03:30]} Rh7 39. Rg2
{[%clk 1:03:30]} Qf7 {[%clk 0:27:24]} 40. Kf2 {[%clk 1:03:36]} Kg8 41. Ke2
{[%clk 1:03:46]} Kf8 {[%clk 0:28:01]} 42. Rh1 {[%clk 1:02:15]} Kg8
{[%clk 0:28:08]} 43. Rgh2 {[%clk 1:02:26]} Rh6 {[%clk 0:28:20]} 44. Qg2
{[%clk 0:58:59]} Kg7 {[%clk 0:27:56]} 45. Rh3 {[%clk 0:59:03]} Kh7
{[%clk 0:26:51]} 1/2-1/2